<?xml version="1.0" encoding="UTF-8"?>
<collection xmlns="http://www.loc.gov/MARC21/slim">
 <record>
  <leader>01174nam a2200193 a 4500</leader>
  <controlfield tag="001">1/48958</controlfield>
  <controlfield tag="008">190618s2012    gr a          00010 gre  </controlfield>
  <datafield tag="035" ind1=" " ind2=" ">
   <subfield code="l">51956</subfield>
  </datafield>
  <datafield tag="040" ind1=" " ind2=" ">
   <subfield code="a">GR-PeUP</subfield>
  </datafield>
  <datafield tag="082" ind1="0" ind2="0">
   <subfield code="a">796.087 ΕΛΛ</subfield>
  </datafield>
  <datafield tag="245" ind1="0" ind2="0">
   <subfield code="a">Eλληνική παραολυμπιακή ομάδα :</subfield>
   <subfield code="b">Λονδίνο, Μεγάλη Βρετανία, 19 Αυγούστου - 9 Σεπτεμβρίου 2012 /</subfield>
   <subfield code="c">επιμέλεια Σάκης Κωστάρης = Hellenic Paralympic Committee : London, Great Britain August 29 to September 9, 2012.</subfield>
  </datafield>
  <datafield tag="260" ind1=" " ind2=" ">
   <subfield code="a">Αθήνα :</subfield>
   <subfield code="b">Eλληνική παραολυμπιακή επιτροπή ;</subfield>
   <subfield code="c">[2012].</subfield>
  </datafield>
  <datafield tag="300" ind1=" " ind2=" ">
   <subfield code="a">69 σ. :</subfield>
   <subfield code="b">έγχρ. εικ. ;</subfield>
   <subfield code="c">24 εκ.</subfield>
  </datafield>
  <datafield tag="500" ind1=" " ind2=" ">
   <subfield code="a">Δίγλωσση έκδοση στα ελληνικά και αγγλικά.</subfield>
  </datafield>
  <datafield tag="611" ind1="2" ind2="4">
   <subfield code="a">Παραολυμπιακοί Αγώνες</subfield>
   <subfield code="n">(14οι :</subfield>
   <subfield code="d">2012</subfield>
   <subfield code="c">Λονδίνο, Μεγάλη Βρετανία).</subfield>
  </datafield>
  <datafield tag="650" ind1=" " ind2="4">
   <subfield code="a">Special Olympics.</subfield>
  </datafield>
  <datafield tag="700" ind1="1" ind2=" ">
   <subfield code="a">Κωστάρης, Σάκης.</subfield>
  </datafield>
  <datafield tag="710" ind1="1" ind2=" ">
   <subfield code="a">Ελληνική Παραολυμπιακή Επιτροπή.</subfield>
  </datafield>
  <datafield tag="852" ind1=" " ind2=" ">
   <subfield code="a">INST</subfield>
   <subfield code="b">UNIPILB</subfield>
   <subfield code="c">MAIN</subfield>
   <subfield code="e">20190619</subfield>
   <subfield code="h">796.087 ΕΛΛ</subfield>
   <subfield code="p">00180244</subfield>
   <subfield code="q">00180244</subfield>
   <subfield code="t">LOAN</subfield>
   <subfield code="y">0</subfield>
   <subfield code="4">1</subfield>
  </datafield>
 </record>
</collection>
